Social capital and social well-being: issues and opportunities (Record no. 87602)

000 -LEADER
fixed length control field 00380pab a2200157 454500
008 - FIXED-LENGTH DATA ELEMENTS--GENERAL INFORMATION
fixed length control field 180718b2010 xxu||||| |||| 00| 0 eng d
100 ## - MAIN ENTRY--PERSONAL NAME
Personal name Sundar, I.
245 ## - TITLE STATEMENT
Title Social capital and social well-being: issues and opportunities
260 ## - PUBLICATION, DISTRIBUTION, ETC.
Date of publication, distribution, etc. 2010
300 ## - PHYSICAL DESCRIPTION
Extent p.5-11.
362 ## - DATES OF PUBLICATION AND/OR SEQUENTIAL DESIGNATION
Dates of publication and/or sequential designation Aug
650 ## - SUBJECT ADDED ENTRY--TOPICAL TERM
Topical term or geographic name entry element Social capital
773 ## - HOST ITEM ENTRY
Main entry heading Social Welfare
908 ## - PUT COMMAND PARAMETER (RLIN)
Put command parameter N
909 ## -
-- 87602
Holdings
Withdrawn status Lost status Damaged status Not for loan Permanent Location Current Location Date acquired Serial Enumeration / chronology Barcode Date last seen Price effective from Koha item type
        Indian Institute of Public Administration Indian Institute of Public Administration 2018-07-19 Volume no: 57, Issue no: 5 AR88062 2018-07-19 2018-07-19 Articles

Powered by Koha